عرض عادي عرض مارك
  • Bailey, Matt,

مدخل إسم شخص

عدد التسجيلات المستخدمة في: 1

001 - رقم الضبط

  • حقل الضبط: 39909

003 - معرف رقم الضبط

  • حقل الضبط: OSt

005 - تاريخ ووقت أخر عملية

  • حقل الضبط: 20131116135215.0

008 - عناصر بيانات ثابتة الطول

  • حقل تحكم ثابت الطول: 131116|||a|||||| | ||| d

040 ## - مصدر الفهرسة

  • هيئة الفهرسة الأصلية: OSt
  • وكالة الكتابة: OSt

100 ## - مدخل -- أسم شخص

  • إسم شخص: Bailey, Matt,
  • تواريخ مرتبطة بالاسم: 1969-

670 ## - بيانات المصدر موجوده

  • الاستشهاد بالمصدر: Work cat.: (OSt)0: Bailey, Matt, 1969-, Internet marketing :, 2011.